| 000 | 00351pam a2200133a 44500 | ||
|---|---|---|---|
| 008 | 230405s2011 xxu||||| |||| 00| 0 eng d | ||
| 041 | _aENG | ||
| 100 | _aRANGANATHAN S / SURESH J | ||
| 245 | _aPRINCIPLES OF MDICINAL CHEMISTRY | ||
| 250 | _a1 | ||
| 260 |
_aNEW YORK _bWILEY INTERSCIENCE PUBLICATION NEW YORK _c2011 |
||
| 300 | _a496 | ||
| 906 | _a4505 | ||
| 999 |
_c279776 _d279776 |
||